Statistics for 100 Largest cities of Africa (on a map)

Click here to take the quiz!

General Stats

  • This quiz has been taken 169 times
  • The average score is 61 of 100

Answers on the Map

Answers color-coded by a green-red scale on the quiz's map according to % correct below.
 

Answer Stats

PopulationVille% Correct
24,4 mCairo
100%
5,3 mAlexandria
97%
4,0 mCape Town
97%
4,3 mCasablanca
97%
14,7 mGauteng (Johannesburg-Pretoria)
97%
2,4 mTripoli
97%
2,7 mTunis
97%
4,6 mAddis-Ababa
96%
7,8 mAlgiers
96%
8,5 mKhartoum
96%
7,6 mNairobi
96%
2,2 mRabat
96%
5,4 mAccra
95%
12,6 mKinshasa
95%
22,8 mLagos
95%
9,2 mLuanda
94%
4,4 mBamako
93%
5,6 mDar es Salaam
93%
3,2 mAntananarivo
92%
4,1 mKampala
92%
1,6 mAbuja
91%
1,8 mBrazzaville
91%
3,7 mDakar
91%
2,6 mMaputo
91%
1,9 mN'Djamena
91%
2,8 mYaoundé
91%
2,3 mConakry
90%
3,5 mHarare
90%
3,1 mLusaka
90%
1,1 mBangui
89%
1,2 mFez
89%
3,7 mDurban
88%
2,3 mMogadiscio
88%
4,7 mAbidjan
87%
1,6 mFreetown
86%
1,6 mNiamey
86%
1,4 mKigali
84%
2,1 mLomé
84%
1,7 mMonrovia
84%
1,3 mMarrakesh
83%
1,1 mNouakchott
83%
1,3 mAsmara
81%
1,3 mOran
81%
1,3 mPort Elizabeth
81%
1,5 mMombasa
80%
5,0 mKano
79%
1,0 mLibreville
79%
2,6 mLilongwe
79%
3,0 mOuagadougou
79%
5,9 mIbadan
75%
0,9 mJuba
74%
2,6 mBenin City
72%
2,8 mDouala
72%
1,1 mBanjul
71%
1,4 mBenghazi
71%
1,1 mTangier
70%
2,1 mLubumbashi
64%
2,3 mPort Harcourt
64%
2,5 mKumasi
63%
1,1 mAgadir
58%
1,2 mBujumbura
58%
2,4 mCotonou
57%
1,7 mAba
50%
3,4 mMbuji-Mayi
49%
1,2 mPointe-Noire
48%
1,3 mLuxor
47%
0,9 mPorto-Novo
47%
1,0 mSousse - Monastir
44%
2,2 mKaduna
43%
1,3 mKananga
41%
1,7 mOnitsha
41%
1,6 mKisangani
40%
1,3 mBlantyre
37%
1,2 mLobito - Benguela
36%
0,9 mPort Louis
35%
1,2 mBulawayo
34%
1,2 mMaiduguri
34%
1,1 mGoma
28%
1,2 mIlorin
28%
1,0 mWarri
22%
1,1 mHuambo
21%
0,9 mTouba
20%
1,0 mBukavu
18%
1,0 mNampula
17%
1,2 mKitwe
16%
1,3 mOgbomosho
13%
1,1 mKolwezi
8%
1,1 mAbeokuta
6%
1,5 mDamietta
6%
0,8 mLas Palmas
6%
1,3 mMwene-Ditu
6%
1,5 mTshikapa
6%
2,1 mOsogbo
5%
1,3 mKikwit
4%
1,2 mMbandaka
4%
1,0 mBandundu
3%
0,9 mBunia
3%
0,9 mButembo
3%
1,3 mCape Coast
3%
0,9 mSanta Cruz de Tenerife
3%

Score Distribution

Percentile by Number Answered

Percent of People with Each Score

Your Score History

You have not taken this quiz